000 00259nam a2200109Ia 4500
008 190216s9999||||xx |||||||||||||| ||und||
100 _aShyam Folna Gupta
245 0 _aSinners And Saintist
260 _bA Sterling Paperback
650 _aEnglish
942 _cBK
999 _c13320
_d13320